00330nam a2200121 a 4500008004100000050001700041100001800058245004700076260003900123300000900162350000900171650002800180091130s1991 ||||||||||||||||| || u aPAPERS/STAFF aAkuffo, F.W.B10aTechnology and Development: a Zambian case aLusakabUniversity of Zambiac1991 a10p. a0.00 aTECHNOLOGY--DEVELOPMENT